Quick Word Endings 7-to-1: M Quiz Stats

 Plays Quiz not verified by Sporcle

Support Sporcle.
Go Orange.
Score 0/28 Timer 01:00
5 Plays Today
% Correct
Bedlam
95.9%
Flotsam
95.9%
Program
95.7%
Spam
95.3%
Anthem
94%
Harem
94%
Requiem
93.9%
Gloam
93.8%
Ogham
93.6%
Diadem
93.5%
System
92.6%
Totem
92.3%
Cream
91.4%
Shim
89.7%
% Correct
Victim
89.4%
Grim
88.7%
Maxim
88.1%
Claim
86.7%
Custom
84.9%
Room
84.6%
Blossom
84.4%
Fandom
83.9%
Velum
77.8%
Album
77.8%
Sanctum
77.7%
Chasm
70.7%
Prism
70.6%
Alarm
65.6%

You're not logged in!

Compare scores with friends on all Sporcle quizzes.
OR
Log In

From the Vault

NBA Small Forward Photo Minefield

by gazzso

Put these next to all the large backwards photos, whatever those are.
Remove Ads.
Support Sporcle.
Get the best of Sporcle when you Go Orange. This ad-free experience offers more features, more stats, and more fun while also helping to support Sporcle. Thank you for becoming a member.

Show Comments

Extras

Top Quizzes Today


Score Distribution

Your Account Isn't Verified!

In order to create a playlist on Sporcle, you need to verify the email address you used during registration. Go to your Sporcle Settings to finish the process.

Report this User

Report this user for behavior that violates our Community Guidelines.

Details: